<?xml version="1.0" encoding="UTF-8"?><?xml-stylesheet type="text/xsl" href="static/style.xsl"?><OAI-PMH xmlns="http://www.openarchives.org/OAI/2.0/" xmlns:xsi="http://www.w3.org/2001/XMLSchema-instance" xsi:schemaLocation="http://www.openarchives.org/OAI/2.0/ http://www.openarchives.org/OAI/2.0/OAI-PMH.xsd"><responseDate>2026-04-26T22:01:09Z</responseDate><request verb="GetRecord" identifier="oai:uvadoc.uva.es:10324/15538" metadataPrefix="marc">https://uvadoc.uva.es/oai/request</request><GetRecord><record><header><identifier>oai:uvadoc.uva.es:10324/15538</identifier><datestamp>2021-06-29T12:19:05Z</datestamp><setSpec>com_10324_38</setSpec><setSpec>col_10324_852</setSpec></header><metadata><record xmlns="http://www.loc.gov/MARC21/slim" xmlns:doc="http://www.lyncode.com/xoai" xmlns:xsi="http://www.w3.org/2001/XMLSchema-instance" xmlns:dcterms="http://purl.org/dc/terms/" xsi:schemaLocation="http://www.loc.gov/MARC21/slim http://www.loc.gov/standards/marcxml/schema/MARC21slim.xsd">
<leader>00925njm 22002777a 4500</leader>
<datafield tag="042" ind1=" " ind2=" ">
<subfield code="a">dc</subfield>
</datafield>
<datafield tag="720" ind1=" " ind2=" ">
<subfield code="a">Martínez González, María</subfield>
<subfield code="e">author</subfield>
</datafield>
<datafield tag="260" ind1=" " ind2=" ">
<subfield code="c">2015</subfield>
</datafield>
<datafield tag="520" ind1=" " ind2=" ">
<subfield code="a">Este trabajo fin de grado tiene por objeto una aproximación a la realidad del mercado de trabajo en Burgos, analizando los efectos del cambio del ciclo económico y los diferentes factores que influyen en su evolución.  Es necesario tener en cuenta que se está examinando un mercado de tamaño provincial, con unas características determinadas, donde se dispone de menor información</subfield>
</datafield>
<datafield tag="024" ind2=" " ind1="8">
<subfield code="a">http://uvadoc.uva.es/handle/10324/15538</subfield>
</datafield>
<datafield ind1=" " ind2=" " tag="653">
<subfield code="a">Trabajo, Mercado de-España-Burgos</subfield>
</datafield>
<datafield tag="245" ind1="0" ind2="0">
<subfield code="a">El mercado de trabajo en la provincia de Burgos en los últimos años. Incidencia de la crisis económica (2008-2014)</subfield>
</datafield>
</record></metadata></record></GetRecord></OAI-PMH>